| 000 | 01511pam a2200337 a 4500 | ||
|---|---|---|---|
| 999 |
_c174502 _d174502 |
||
| 001 | 2507066 | ||
| 003 | Nust | ||
| 005 | 20180801060251.0 | ||
| 008 | 921112r1993 nyua j 000 0 eng | ||
| 010 | _a 92055071 | ||
| 020 |
_a9780140367829 _cRs. 540 |
||
| 038 | _aArshad | ||
| 040 |
_aDLC _cDLC _dDLC |
||
| 042 | _alcac | ||
| 082 | 0 | 0 |
_a823 _bDAW |
| 130 | 0 |
_aArabian nights. _912208 |
|
| 245 | 1 | 0 |
_aAladdin and other tales from the Arabian nights / _cUnknown ; with illustrations by W. Heath Robinson and others. |
| 260 |
_aNew York : _bA.A. Knopf : _bDistributed by Random House, _c1978. |
||
| 300 |
_a201 p. : _c21 cm. |
||
| 440 | 0 |
_aEngravings on Wood from original designs by William Harvey _912209 |
|
| 520 | _aA collection of tales told by Scheherazade to amuse the cruel sultan and stop him from executing her as he had his other daily wives. | ||
| 650 | 1 |
_aFairy tales. _97693 |
|
| 650 | 1 |
_aArabs _xFolklore. _912210 |
|
| 650 | 1 |
_aFolklore _zArab countries. _912211 |
|
| 700 | 1 |
_aRobinson, W. Heath _q(William Heath), _d1872-1944, _eill. _912212 |
|
| 856 | 4 | 2 |
_3Contributor biographical information _uhttp://www.loc.gov/catdir/enhancements/fy0703/92055071-b.html |
| 856 | 4 | 2 |
_3Publisher description _uhttp://www.loc.gov/catdir/enhancements/fy0703/92055071-d.html |
| 906 |
_a7 _bcbc _corignew _d1 _eocip _f19 _gy-gencatlg |
||
| 942 |
_2ddc _cBK |
||